[Event "SVK ECo-C Extraliga 2018-19"]
[Site "Slovakia"]
[Date "2019.03.10"]
[Round "8.6"]
[White "Haring, Filip"]
[Black "Chovan, Milan"]
[Result "1/2-1/2"]
[WhiteElo "2286"]
[BlackElo "2336"]
[Annotator "TA"]
[PlyCount "106"]
[EventDate "2018.11.10"]
[EventType "team-tourn"]
[EventCountry "SVK"]
[SourceTitle "playchess.com"]
[Source "ChessBase"]
[SourceQuality "1"]
[WhiteTeam "Liptovska"]
[BlackTeam "Podhajska"]

{[%evp 11,106,0,0,0,0,0,0,-2,0,-6,0,0,0,0,0,0,0,0,0,0,0,-31,-37,-37,-39,-41,-37,-29,-3,-12,0,-43,-45,-34,-7,-14,0,-104,-112,-97,-31,-45,-37,-33,-36,-44,-16,-58,-2,-8,0,0,0,-13,0,0,-1,-6,19,19,19,22,25,25,39,26,26,0,0,-67,-25,-18,-22,-20,0,0,0,0,0,0,0,0,0,0,0,0,0,0,0,0,0,0,0,0,0,0,0]} 1. e4 e5 2. Nf3 Nc6 3. d4 exd4 4. Nxd4 Bc5 5. Nb3 Bb6 6. Nc3 Nf6 7. Qe2 {C45: Scotch Game} O-O 8. Bg5 h6 9. Bh4 a5 10. a4 $1 Nd4 11. Qd3 Nxb3 12. cxb3 c6 13. O-O-O {Hoping for e5.} d5 14. exd5 cxd5 15. Nxd5 {[#]} g5 $146 16. Bg3 (16. Qf3 $5 {[%cal Rd5f6]} Nxd5 17. Rxd5 Qc7+ 18. Bc4 gxh4 19. Qf6 $11) 16... Be6 $1 {[%cal Rd8d5]} 17. Nxb6 Qxb6 18. Qb5 Qxb5 19. Bxb5 Rac8+ 20. Kb1 Bxb3 {And now ...Bc2+ would win.} 21. Rde1 {White wants to play Bd6.} Ne4 22. Re3 Nd2+ 23. Ka1 Be6 (23... f5 {with more complications.} 24. Be5 Bc4 25. Bc3 Bxb5 26. axb5 Ne4) 24. Rc3 (24. h4 $11 {remains equal.}) 24... Rxc3 $17 25. bxc3 Rc8 (25... Rd8 $17 {aiming for ...Nb3+.} 26. Kb2 Ne4) 26. Kb2 Ne4 27. Be5 Nxf2 28. Rf1 Ne4 29. Rd1 Nc5 (29... f5 $15) 30. Rd6 $11 Kh7 31. Bd4 h5 32. Rb6 Bd5 33. g3 Ne6 34. Bd3+ Kg8 35. Rb5 Bc4 36. Bxc4 Rxc4 {[%mdl 64] [#] Double Attack} 37. Rxa5 {[%mdl 4096] Endgame KRB-KRN} Kh7 38. Kb3 Rc7 39. Kb4 Kg6 40. Kb5 (40. Re5 $11) 40... Nxd4+ (40... f5 {is interesting.} 41. Kb6 Rd7 42. Bf2 Rd2 43. Bg1 Rd1) 41. cxd4 $15 {KR-KR} f5 {White must now prevent ...f4.The position is equal.} 42. Ra8 $1 Rf7 43. Rg8+ Kf6 44. Kc4 f4 45. gxf4 $1 gxf4 46. Kd3 Kf5 47. h4 f3 {Threatens to win with ...Kf4.} 48. Ke3 Ke6 {[#] ...f2 is the strong threat.} 49. Kf2 Rf4 50. Rg7 Rxd4 51. Rxb7 Rxa4 52. Kxf3 Rxh4 53. Rb6+ Ke5 {Accuracy: White = 74%, Black = 55%.} 1/2-1/2

[Event "SVK ECo-C Extraliga 2018-19"]
[Site "Slovakia"]
[Date "2019.03.10"]
[Round "8.6"]
[White "Kopera, Michal"]
[Black "Joba, Arpad"]
[Result "0-1"]
[WhiteElo "2152"]
[BlackElo "2009"]
[Annotator "NA"]
[PlyCount "104"]
[EventDate "2018.11.10"]
[EventType "team-tourn"]
[EventCountry "SVK"]
[SourceTitle "playchess.com"]
[Source "ChessBase"]
[SourceQuality "1"]
[WhiteTeam "Zilina"]
[BlackTeam "Komarno"]
[TimeControl "40/5400+30:1800+30"]

1. e4 {[%emt 0:00:00]} e6 {[%emt 0:00:00]} 2. d4 {[%emt 0:00:00]} d5 {[%emt 0:00:00]} 3. Nd2 {[%emt 0:00:07]} c5 {[%emt 0:00:21]} 4. exd5 {[%emt 0:03:36]} Qxd5 {[%emt 0:02:04]} 5. Ngf3 {[%emt 0:00:46]} cxd4 {[%emt 0:00:50]} 6. Bc4 {[%emt 0:02:01]} Qd6 {[%emt 0:00:24]} 7. O-O {[%emt 0:04:13]} Nf6 {[%emt 0:00:59]} 8. Nb3 {[%emt 0:03:18]} Nc6 {[%emt 0:00:47]} 9. Nbxd4 {[%emt 0:01:12]} Nxd4 {[%emt 0:00:10]} 10. Nxd4 {[%emt 0:03:59]} a6 {[%emt 0:00:19]} 11. c3 {[%emt 0:11:24]} Qc7 {[%emt 0:04:31]} 12. Bb3 {[%emt 0:03:52]} Bd6 {[%emt 0:03:14]} 13. h3 {[%emt 0:03:02]} O-O {[%emt 0:18:57]} 14. Qf3 {[%emt 0:07:18]} e5 {[%emt 0:04:03]} 15. Nc2 {[%emt 0:07:38]} Bd7 {[%emt 0:05:48]} 16. Bg5 {[%emt 0:06:07]} Bc6 {[%emt 0:01:26]} 17. Qe2 {[%emt 0:03:57]} Ne4 {[%emt 0:00:46]} 18. Be3 {[%emt 0:02:32]} Kh8 {[%emt 0:05:34]} 19. Rfd1 {[%emt 0:04:35]} f5 {[%emt 0:05:07]} 20. f3 {[%emt 0:01:44]} Ng3 {[%emt 0:04:31]} 21. Qf2 {[%emt 0:00:58]} f4 {[%emt 0:01:42]} 22. Bb6 {[%emt 0:01:09]} Qe7 {[%emt 0:00:51]} 23. Bd5 {[%emt 0:01:44]} Rf6 {[%emt 0:08:42]} 24. Nb4 {[%emt 0:07:29]} Be8 {[%emt 0:12:28]} 25. Bb3 {[%emt 0:05:13]} Bxb4 {[%emt 0:01:15]} 26. cxb4 {[%emt 0:00:04]} Qxb4 {[%emt 0:07:28]} 27. Bc5 {[%emt 0:01:55]} Qb5 {[%emt 0:00:15]} 28. Be7 {[%emt 0:05:09]} Rc6 {[%emt 0:02:10]} 29. Rd5 {[%emt 0:02:08]} Qe2 {[%emt 0:02:07]} 30. Re1 {[%emt 0:03:19]} Qxf2+ {[%emt 0:01:31]} 31. Kxf2 {[%emt 0:00:01]} Bf7 {[%emt 0:00:34]} 32. Rdxe5 {[%emt 0:03:16]} Bxb3 {[%emt 0:00:12]} 33. axb3 {[%emt 0:00:03]} Rc2+ {[%emt 0:01:29]} 34. Kg1 {[%emt 0:00:07]} Re8 {[%emt 0:01:08]} 35. Bd6 {[%emt 0:01:55]} Rxe5 {[%emt 0:01:25]} 36. Bxe5 {[%emt 0:00:05]} Kg8 {[%emt 0:00:12]} 37. h4 {[%emt 0:01:58]} Kf7 {[%emt 0:01:25]} 38. Kh2 {[%emt 0:00:09]} Nf5 {[%emt 0:00:55]} 39. Kh3 {[%emt 0:00:25]} h5 {[%emt 0:01:33]} 40. b4 {[%emt 0:00:57]} Ne3 {[%emt 0:01:57]} 41. Bxf4 {[%emt 0:05:20]} Nxg2 {[%emt 0:03:50]} 42. Re4 {[%emt 0:00:18]} Nxf4+ {[%emt 0:00:11]} 43. Rxf4+ {[%emt 0:00:02]} Kg6 {[%emt 0:00:18]} 44. Kg3 {[%emt 0:07:44]} Rxb2 {[%emt 0:00:52]} 45. Rd4 {[%emt 0:00:21]} Kf5 {[%emt 0:04:18]} 46. Rf4+ {[%emt 0:01:13]} Ke5 {[%emt 0:03:28]} 47. Re4+ {[%emt 0:00:50]} Kd5 {[%emt 0:03:49]} 48. Kf4 {[%emt 0:00:06]} Rg2 {[%emt 0:00:19]} 49. Ke3 {[%emt 0:03:48]} g5 {[%emt 0:06:42]} 50. hxg5 {[%emt 0:01:29]} Rxg5 {[%emt 0:01:03]} 51. Kd3 {[%emt 0:03:35]} Rf5 {[%emt 0:00:36]} 52. Ke3 {[%emt 0:03:18]} Re5 {[%emt 0:00:36] Kd4+} 0-1

[Event "SVK ECo-C Extraliga 2018-19"]
[Site "Slovakia"]
[Date "2019.03.10"]
[Round "8.6"]
[White "Bury, Rastislav"]
[Black "Pcola, Pavol"]
[Result "1/2-1/2"]
[WhiteElo "2137"]
[BlackElo "2381"]
[Annotator "TA"]
[PlyCount "104"]
[EventDate "2018.11.10"]
[EventType "team-tourn"]
[EventCountry "SVK"]
[SourceTitle "playchess.com"]
[Source "ChessBase"]
[SourceQuality "1"]
[WhiteTeam "Osuske"]
[BlackTeam "Snina"]

{[%evp 17,104,0,-5,-11,6,14,10,6,11,8,8,-20,-20,-21,-22,-21,-20,-20,-21,-45,-9,-40,-25,-27,-21,-64,-64,-66,-62,-62,-69,-62,-62,-83,-69,-91,-61,-91,-73,-91,-83,-91,-91,-91,-91,-152,-152,-159,-152,-151,-154,-164,-161,-161,-148,-145,0,-324,-324,-320,-283,-259,0,-210,0,0,0,0,0,0,0,0,0,0,0,0,0,0,0,0,0,0,0,0,0,0,0,0,0]} 1. d4 d5 2. Nf3 c6 3. g3 Nf6 4. Bg2 h6 5. O-O Bf5 6. b3 Nbd7 7. Bb2 e6 8. Nbd2 Be7 9. Ne5 O-O 10. Re1 {D02: 1 d4 d5 2 Nf3 sidelines, including 2...Nf6 3 g3 and 2...Nf6 3 Bf4} (10. c4 a5 11. Nxd7 Qxd7 12. f3 Rfd8 13. e4 Bg6 14. e5 Ne8 15. f4 a4 16. Bc3 Nc7 17. c5 Nb5 18. Qf3 Be4 {0-1 (51) Lewtak,D (2389)-Carlsson,P (2435) Prague 2016}) 10... Qb6 11. Nxd7 Nxd7 12. e4 dxe4 13. Nxe4 $146 ({Predecessor:} 13. Bxe4 Bxe4 14. Nxe4 Nf6 15. c4 Rad8 16. Qf3 Nxe4 17. Rxe4 Bf6 {0-1 (63) Olafsson,T (2164)-Viglundsson,B (2137) Reykjavik 2017}) 13... Nf6 14. Qe2 Nxe4 15. Bxe4 Bxe4 16. Qxe4 Bf6 17. Rad1 Rfd8 18. c4 Rd7 19. Re2 Rad8 {[%cal Rf6d4]} 20. Red2 $1 a5 {[%cal Ba7a5,Ba5a4][%mdl 32]} 21. Bc3 a4 22. b4 Qa6 23. Qe2 b5 24. c5 Rd5 25. Kg2 R8d7 26. h4 g6 27. Qe3 Bg7 28. f3 Qc8 29. Qf4 Qd8 30. Qe3 Kh7 31. Qf4 ({White should play} 31. Kh3) 31... e5 $1 $17 {[%cal Re5f4]} 32. dxe5 {[#]} Rxd2+ $1 33. Rxd2 Rxd2+ 34. Qxd2 Qxd2+ 35. Bxd2 Bxe5 {[%mdl 4096] Endgame KB-KB} 36. Be1 h5 (36... Kg7 $17) 37. Kf1 $2 {[%mdl 8192] [#]} (37. f4 $11 Bb2 38. Bd2) 37... Kg7 $1 $19 38. Ke2 Kf6 39. Kd3 Ke6 $2 (39... Kf5 $19 40. Ke3 Bb2) 40. Bf2 $2 (40. Ke4 $11 {and White has nothing to worry.}) 40... f5 $2 ({Better is} 40... Kd5 $19 41. f4 Bf6) 41. f4 $11 {The position is equal.} Bb2 42. Bd4 Ba3 43. Bc3 Kd5 44. Be1 Bb2 {Hoping for ...Bd4.} 45. Bf2 $1 Bf6 46. Be3 Bg7 47. Bf2 Bb2 48. Be3 Ba1 49. Bf2 Bf6 50. Be3 Bb2 51. Bf2 $1 Ba3 52. Be1 $1 Bb2 {Accuracy: White = 49%, Black = 51%.} 1/2-1/2

[Event "SVK ECo-C Extraliga 2018-19"]
[Site "Slovakia"]
[Date "2019.03.10"]
[Round "8.7"]
[White "Rachela, Milan"]
[Black "Kantorik, Marian"]
[Result "1/2-1/2"]
[WhiteElo "2331"]
[BlackElo "2206"]
[Annotator "TA"]
[PlyCount "95"]
[EventDate "2018.11.10"]
[EventType "team-tourn"]
[EventCountry "SVK"]
[SourceTitle "playchess.com"]
[Source "ChessBase"]
[SourceQuality "1"]
[WhiteTeam "Streda"]
[BlackTeam "Dunajov"]

{[%evp 17,95,45,45,47,91,58,73,63,81,49,72,77,82,65,68,81,60,48,70,34,114,47,47,48,58,56,48,56,56,50,53,48,152,145,150,157,151,100,97,97,97,97,97,97,97,97,99,99,111,14,25,10,11,11,14,8,10,10,10,0,10,10,10,10,10,0,10,0,0,0,0,0,0,0,3,3,10,11,18,0]} 1. Nf3 d5 2. g3 c5 3. Bg2 Nc6 4. d4 e6 5. O-O Nf6 6. c4 cxd4 7. Nxd4 Be7 8. Nc3 O-O 9. Bf4 a6 10. Rc1 {[%cal Ba1c1,Bc1c3,Bc3b3][%mdl 32] A33: Symmetrical English: 2 Nf3 Nf6 3 d4 cxd4 4 Nxd4 e6 5 Nc3 Nc6} Qb6 (10... Re8 11. cxd5 exd5 12. Nxc6 bxc6 13. Na4 Qa5 14. a3 Bd7 15. Qd4 Qb5 16. Rfe1 Bf8 17. e3 Ne4 {1-0 (52) Moiseenko,A (2668)-Gabrielian,A (2524) Dagomys 2010}) 11. Nxc6 (11. Be3 {feels hotter.} Qd8 12. cxd5 exd5 13. Na4 Ne5 14. Bf4) 11... bxc6 12. Na4 {White is better.} Qb7 13. Rc3 $146 ({Predecessor:} 13. b3 Ba3 14. Rc2 Bd7 15. c5 Ra7 16. Be5 Ne8 17. e4 f6 {1-0 (51) Fikr,L (1913)-Smizansky,J (1800) Prague 2006}) 13... Bb4 14. Rb3 {[#] Black must now prevent a3.} Qe7 15. Qc2 Bd6 16. Bxd6 Qxd6 17. Rc1 Rb8 18. cxd5 Rxb3 (18... cxd5 $14 19. Rxb8 Qxb8) 19. Qxb3 (19. axb3 $16 exd5 20. Qxc6) 19... cxd5 $14 20. Qb6 $36 {[%mdl 2048] White has some pressure.} Qe5 21. Qc7 Qxc7 22. Rxc7 {Threatens to win with Nb6.} Bd7 23. Nc5 Bb5 24. Bf3 {aiming for a4.} g5 (24... Ra8 $14) 25. a4 $16 Bc4 26. b3 {[%mdl 64] [#] Trapped Piece} g4 27. bxc4 (27. Bxg4 $142 Bxb3 28. Bxe6 (28. Nxb3 Nxg4 29. Nc5 Ne5 $16)) 27... gxf3 28. exf3 dxc4 29. Ne4 Nxe4 30. fxe4 {[%mdl 4096] Endgame KR-KR} Rb8 31. Rxc4 Rb1+ 32. Kg2 Ra1 33. e5 ({White should play} 33. g4 $16) 33... h5 34. Kf3 Kg7 {The position is equal.} 35. Kf4 {White wants to play Kg5.} Kg6 36. f3 Ra2 37. h3 Ra3 38. Re4 Ra1 39. h4 Ra3 40. Rc4 Ra1 41. Re4 a5 42. g4 Rh1 43. Kg3 Rg1+ 44. Kf2 Rh1 45. Kg3 Rg1+ 46. Kh2 Rb1 47. Kg2 Ra1 48. Kg3 {Accuracy: White = 53%, Black = 65%.} 1/2-1/2

[Event "SVK ECo-C Extraliga 2018-19"]
[Site "Slovakia"]
[Date "2019.03.10"]
[Round "8.7"]
[White "Kusiak, Matej"]
[Black "Banas, Kamil"]
[Result "0-1"]
[WhiteElo "2253"]
[BlackElo "2248"]
[Annotator "NA RC"]
[PlyCount "128"]
[EventDate "2018.11.10"]
[EventType "team-tourn"]
[EventCountry "SVK"]
[SourceTitle "playchess.com"]
[Source "ChessBase"]
[SourceQuality "1"]
[WhiteTeam "Prakovce"]
[BlackTeam "Modra"]
[TimeControl "40/5400+30:1800+30"]

1. e4 {[%emt 0:00:00]} e5 {[%emt 0:00:00]} 2. Nf3 {[%emt 0:00:00]} Nf6 {[%emt 0:00:00]} 3. Nc3 {[%emt 0:00:23]} Nc6 {[%emt 0:00:00]} 4. Bb5 {[%emt 0:00:08]} Bb4 {[%emt 0:00:50]} 5. O-O {[%emt 0:01:46]} O-O {[%emt 0:06:10]} 6. d3 {[%emt 0:00:28]} d6 {[%emt 0:04:43]} 7. Bg5 {[%emt 0:05:49]} Bxc3 {[%emt 0:02:32]} 8. bxc3 {[%emt 0:00:06]} Qe7 {[%emt 0:02:52]} 9. h3 {[%emt 0:01:40]} Nd8 {[%emt 0:01:31]} 10. Nh2 {[%emt 0:01:16]} Ne6 {[%emt 0:08:18]} 11. Be3 {[%emt 0:05:09]} a5 {[%emt 0:04:25]} 12. Bc4 {[%emt 0:00:39]} Bd7 {[%emt 0:02:29]} 13. Bxe6 {[%emt 0:00:47]} Qxe6 {[%emt 0:01:33]} 14. c4 {[%emt 0:02:05]} b6 {[%emt 0:01:07]} 15. f4 {[%emt 0:00:45]} exf4 {[%emt 0:01:57]} 16. Bxf4 {[%emt 0:01:19]} Bc6 {[%emt 0:02:20]} 17. Nf3 {[%emt 0:01:07]} Bb7 {[%emt 0:09:25]} 18. Nd4 {[%emt 0:01:30]} Qd7 {[%emt 0:04:23]} 19. Nf5 {[%emt 0:02:27]} Kh8 {[%emt 0:02:18]} 20. Bd2 {[%emt 0:05:37]} Ng8 {[%emt 0:02:48]} 21. Rf4 {[%emt 0:11:37]} f6 {[%emt 0:02:05]} 22. Rg4 {[%emt 0:04:24]} Rf7 {[%emt 0:00:39]} 23. Bc3 {[%emt 0:01:58]} Qe8 {[%emt 0:02:02]} 24. Rh4 {[%emt 0:04:32]} Bc8 {[%emt 0:04:38]} 25. Qh5 {[%emt 0:01:30]} Bxf5 {[%emt 0:01:02]} 26. Qxf5 {[%emt 0:01:28]} h6 {[%emt 0:01:05]} 27. Rf1 {[%emt 0:02:46]} Qa4 {[%emt 0:04:28]} 28. Qg6 {[%emt 0:01:45]} Raf8 {[%emt 0:00:35]} 29. Bd2 {[%emt 0:23:49]} Qxc2 {[%emt 0:01:48]} 30. Be3 {[%emt 0:02:33]} Qe2 {[%emt 0:02:52]} 31. Bf4 {[%emt 0:09:59]} f5 {[%emt 0:08:33]} 32. Bc1 {[%emt 0:03:05]} Rf6 {[%emt 0:00:36]} 33. Qg3 {[%emt 0:00:39]} fxe4 {[%emt 0:00:31]} 34. Rxf6 {[%emt 0:01:44]} Rxf6 {[%emt 0:00:05]} 35. Kh2 {[%emt 0:01:09]} exd3 {[%emt 0:00:59]} 36. Rg4 {[%emt 0:01:08]} Rf7 {[%emt 0:00:46]} 37. Rd4 {[%emt 0:00:29]} Qc2 {[%emt 0:03:31]} 38. Bf4 {[%emt 0:00:40]} Ne7 {[%emt 0:05:02]} 39. Qe3 {[%emt 0:00:26]} Qe2 {[%emt 0:02:39]} 40. Rxd3 {[%emt 0:00:25]} Qxe3 {[%emt 0:00:46]} 41. Bxe3 {[%emt 0:00:30]} Nc6 {[%emt 0:01:49]} 42. Kg1 {[%emt 0:00:57]} Kg8 {[%emt 0:02:20]} 43. Bd2 {[%emt 0:00:52]} Nb4 {[%emt 0:02:48]} 44. Bxb4 {[%emt 0:04:51]} axb4 {[%emt 0:00:01]} 45. Rb3 {[%emt 0:00:14]} c5 {[%emt 0:01:21]} 46. Rd3 {[%emt 0:01:44]} Ra7 {[%emt 0:00:46]} 47. Rd2 {[%emt 0:02:00]} Kf7 {[%emt 0:00:44]} 48. Kf1 {[%emt 0:00:24]} Ke6 {[%emt 0:00:35]} 49. Re2+ {[%emt 0:00:30]} Kd7 {[%emt 0:01:02]} 50. Ke1 {[%emt 0:00:08]} Ra3 {[%emt 0:00:28]} 51. Kd1 {[%emt 0:01:56]} Kc6 {[%emt 0:00:19]} 52. Kc1 {[%emt 0:01:59]} Rc3+ {[%emt 0:00:24]} 53. Kb2 {[%emt 0:00:06]} Rxc4 {[%emt 0:00:05]} 54. Re7 {[%emt 0:00:05]} g5 {[%emt 0:00:11]} 55. Rh7 {[%emt 0:05:06]} Rf4 {[%emt 0:00:37]} 56. g4 {[%emt 0:00:58]} Rf2+ {[%emt 0:00:37]} 57. Kb1 {[%emt 0:00:09]} Rf6 {[%emt 0:00:11]} 58. Kc2 {[%emt 0:00:21]} Kb5 {[%emt 0:00:38]} 59. Rh8 {[%emt 0:00:20]} Kc4 {[%emt 0:00:19]} 60. Kd2 {[%emt 0:01:17]} Rf2+ {[%emt 0:00:56]} 61. Ke3 {[%emt 0:02:29]} Rxa2 {[%emt 0:00:17]} 62. Rxh6 {[%emt 0:00:04]} b3 {[%emt 0:00:23]} 63. Rxd6 {[%emt 0:00:06]} b2 {[%emt 0:00:10]} 64. Rxb6 {[%emt 0:00:15]} Ra3+ {[%emt 0:00:03] Kd4+} 0-1

[Event "SVK ECo-C Extraliga 2018-19"]
[Site "Slovakia"]
[Date "2019.03.10"]
[Round "8.7"]
[White "Petran, Peter"]
[Black "Zpevak, Pavel"]
[Result "1/2-1/2"]
[WhiteElo "2252"]
[BlackElo "2340"]
[Annotator "TA"]
[PlyCount "80"]
[EventDate "2018.11.10"]
[EventType "team-tourn"]
[EventCountry "SVK"]
[SourceTitle "playchess.com"]
[Source "ChessBase"]
[SourceQuality "1"]
[WhiteTeam "Slovan"]
[BlackTeam "Dubnica"]

{[%evp 13,80,21,20,-26,-27,-27,-32,-42,-27,-30,-15,-42,-23,-18,0,-23,0,0,0,-16,-9,-47,22,33,19,8,55,28,61,23,16,0,25,16,66,82,75,-14,52,0,33,35,38,32,39,35,29,22,35,31,27,18,34,18,54,19,64,72,73,60,95,98,98,28,87,0,0,-33,-38]} 1. Nf3 Nf6 2. g3 d5 3. Bg2 c6 4. d3 Bg4 5. Nbd2 Nbd7 6. O-O e5 7. e4 Bd6 8. b3 {A07: Réti Opening: New York and Capablanca Systems} (8. h3 Bh5 9. exd5 cxd5 10. c4 O-O 11. cxd5 Nxd5 12. Qb3 N5f6 13. Nc4 Nc5 14. Qa3 Re8 15. Nxd6 Qxd6 16. Be3 Rac8 17. Rac1 b6 {½-½ (50) Amin,B (2710)-Belozerov,A (2528) St Petersburg 2018}) 8... O-O 9. Bb2 Re8 10. Re1 a5 11. a3 $146 Bh5 12. c3 Qb6 13. Qc2 Ng4 14. Re2 Rad8 15. h3 Ngf6 16. b4 Qc7 17. Qb3 Qb6 (17... b5 $15) 18. Ree1 $11 Bf8 19. Rab1 Ra8 20. Nh4 Qa6 21. Qc2 axb4 22. cxb4 Qb5 (22... dxe4 {keeps more tension.} 23. Nxe4 Nd5 24. g4 Bg6 25. Nxg6 hxg6 26. Rbd1 Nf4) 23. Bf1 {With the idea d4.} (23. exd5 {looks sharper.} Nxd5 24. Rbc1 N5b6 25. Be4 Nf6 26. g4) 23... Qa4 24. Qxa4 Rxa4 25. Rbc1 (25. g4 $16 g5 26. exd5) 25... Raa8 (25... d4 $11) 26. Bg2 (26. g4 $14 g5 27. Nhf3 (27. gxh5 gxh4 28. exd5 Bh6 $11)) 26... dxe4 27. dxe4 Nb6 28. Rc2 Nfd7 29. g4 Bg6 30. Bf1 f6 31. Nxg6 hxg6 32. h4 Be7 33. Nb3 Kf8 34. Rd1 Red8 35. Na5 Rab8 36. Bc1 Ke8 {[#]} 37. Be3 $1 Nc8 38. Rdc1 (38. Ba6 $16 bxa6 39. Nxc6 {[%mdl 64] Double Attack}) 38... Nf8 {[#]} (38... Nd6 $11) 39. Bc4 (39. b5 $1 $16 {[%cal Rb5c6]} c5 40. Bc4 (40. Bxc5 Bxc5 41. Rxc5 Nd6 $11)) 39... Nd6 40. Bb6 Rd7 {Accuracy: White = 33%, Black = 28%.} 1/2-1/2

[Event "SVK ECo-C Extraliga 2018-19"]
[Site "Slovakia"]
[Date "2019.03.10"]
[Round "8.7"]
[White "Gazik, Igor"]
[Black "Cech, Pavel"]
[Result "1/2-1/2"]
[WhiteElo "2237"]
[BlackElo "2324"]
[Annotator "TA"]
[PlyCount "58"]
[EventDate "2018.11.10"]
[EventType "team-tourn"]
[EventCountry "SVK"]
[SourceTitle "playchess.com"]
[Source "ChessBase"]
[SourceQuality "1"]
[WhiteTeam "Podhajska"]
[BlackTeam "Liptovska"]

{[%evp 9,58,-1,8,0,0,0,0,-18,-20,-23,-14,-32,0,-11,0,-60,0,-6,0,0,0,0,0,0,0,0,0,-31,-38,-38,-30,-45,-13,-41,-9,-31,0,0,6,0,0,0,0,0,0,0,0,0,0,0,0]} 1. e4 e6 2. d3 d5 3. Nd2 Nf6 4. Ngf3 Nc6 5. c3 Bd6 6. Qc2 {C00: French: Unusual White 2nd moves} (6. b4 dxe4 7. dxe4 a5 8. b5 Ne5 9. Nxe5 Bxe5 10. Qc2 Bf4 11. g3 Bxd2+ 12. Bxd2 e5 13. Be3 {1-0 (87) Amin,B (2698)-Martinovic,S (2565) Germany 2018}) 6... O-O 7. Be2 a5 8. a4 $146 ({Predecessor:} 8. O-O e5 9. Re1 Re8 10. b3 Bg4 11. Nf1 d4 12. c4 Bb4 13. Bd2 {0-1 (40) Ivanov,I (2405)-Castaneda,G (2451) Tula 2006}) 8... e5 9. h3 b6 10. Nf1 Ne7 11. Bg5 Ng6 12. Ng3 (12. Ne3 $11) 12... Nf4 (12... h6 $15 13. Bxf6 Qxf6) 13. O-O $11 h6 14. Bxf4 $1 exf4 15. Nf5 Bxf5 16. exf5 Qd7 17. d4 Ne4 18. Nd2 Nxd2 ({But not} 18... Qxf5 19. Bf3 $14) 19. Qxd2 Qxf5 20. Bf3 Rae8 21. Rfe1 h5 22. Re2 Re6 23. Qc2 $1 {[%cal Rc2f5] The position is equal.} Qg5 24. Rae1 Rfe8 25. Rxe6 Rxe6 26. Rxe6 fxe6 27. Qe2 Qf5 28. Bxh5 Qb1+ 29. Qd1 Qxd1+ {Accuracy: White = 42%, Black = 45%.} 1/2-1/2

[Event "SVK ECo-C Extraliga 2018-19"]
[Site "Slovakia"]
[Date "2019.03.10"]
[Round "8.7"]
[White "Sepesi, Samuel"]
[Black "Spacek, Oliver"]
[Result "1-0"]
[WhiteElo "2189"]
[BlackElo "2184"]
[Annotator "NA"]
[PlyCount "75"]
[EventDate "2018.11.10"]
[EventType "team-tourn"]
[EventCountry "SVK"]
[SourceTitle "playchess.com"]
[Source "ChessBase"]
[SourceQuality "1"]
[WhiteTeam "Snina"]
[BlackTeam "Osuske"]
[TimeControl "40/5400+30:1800+30"]

1. e4 {[%emt 0:00:00]} c5 {[%emt 0:00:42]} 2. Nf3 {[%emt 0:00:00]} a6 {[%emt 0:01:32]} 3. d4 {[%emt 0:00:00]} cxd4 {[%emt 0:00:06]} 4. Nxd4 {[%emt 0:00:05]} e6 {[%emt 0:11:43]} 5. Nc3 {[%emt 0:00:12]} b5 {[%emt 0:00:27]} 6. Bd3 {[%emt 0:00:07]} Qb6 {[%emt 0:00:36]} 7. Nf3 {[%emt 0:00:08]} Qc7 {[%emt 0:02:34]} 8. O-O {[%emt 0:00:16]} Bb7 {[%emt 0:00:19]} 9. Re1 {[%emt 0:00:16]} Nc6 {[%emt 0:02:13]} 10. e5 {[%emt 0:21:08]} Be7 {[%emt 0:28:41]} 11. Bf4 {[%emt 0:01:00]} Nh6 {[%emt 0:16:23]} 12. Qd2 {[%emt 0:21:29]} O-O-O {[%emt 0:05:12]} 13. a4 {[%emt 0:01:54]} b4 {[%emt 0:00:16]} 14. Ne4 {[%emt 0:00:18]} Nf5 {[%emt 0:03:24]} 15. Neg5 {[%emt 0:03:33]} Nh6 {[%emt 0:03:45]} 16. Rad1 {[%emt 0:11:43]} d5 {[%emt 0:02:01]} 17. exd6 {[%emt 0:00:02]} Bxd6 {[%emt 0:00:23]} 18. Bxd6 {[%emt 0:00:12]} Rxd6 {[%emt 0:00:35]} 19. Qe2 {[%emt 0:10:38]} a5 {[%emt 0:02:49]} 20. Ne4 {[%emt 0:00:23]} Rd5 {[%emt 0:01:43]} 21. c4 {[%emt 0:00:31]} Rdd8 {[%emt 0:01:23]} 22. Nc5 {[%emt 0:09:42]} Nf5 {[%emt 0:11:58]} 23. Nxe6 {[%emt 0:03:02]} fxe6 {[%emt 0:00:22]} 24. Qxe6+ {[%emt 0:00:06]} Kb8 {[%emt 0:00:04]} 25. Bxf5 {[%emt 0:01:39]} Rhe8 {[%emt 0:01:39]} 26. Qxe8 {[%emt 0:05:23]} Rxe8 {[%emt 0:00:01]} 27. Rxe8+ {[%emt 0:00:10]} Ka7 {[%emt 0:00:02]} 28. Be6 {[%emt 0:04:02]} Ne5 {[%emt 0:01:33]} 29. Nd4 {[%emt 0:00:28]} Qc5 {[%emt 0:01:31]} 30. Nb5+ {[%emt 0:01:53]} Kb6 {[%emt 0:00:21]} 31. Rd6+ {[%emt 0:00:16]} Nc6 {[%emt 0:00:06]} 32. Bd5 {[%emt 0:00:47]} b3 {[%emt 0:00:48]} 33. Rb8 {[%emt 0:01:09]} Ka6 {[%emt 0:00:40]} 34. Bxc6 {[%emt 0:01:55]} Bxc6 {[%emt 0:00:35]} 35. Rc8 {[%emt 0:00:56]} Qg5 {[%emt 0:00:29]} 36. Rdxc6+ {[%emt 0:00:11]} Kb7 {[%emt 0:00:06]} 37. R6c7+ {[%emt 0:00:12]} Ka6 {[%emt 0:00:16]} 38. Ra8+ {[%emt 0:00:14]} 1-0